| 000 | 00926cad a22002295a 4500 | ||
|---|---|---|---|
| 001 | L155151 | ||
| 008 | 120307s2012 xxkqr p 0 a0eng u | ||
| 035 | _a(Sirsi) u155151 | ||
| 041 | 0 | _aeng | |
| 100 | 1 | _aLisa Kingston | |
| 110 | 2 | _aFenwick Elliott LLP | |
| 245 | 0 | 0 |
_aDemystifying BIM (Building Information Modelling) _h[electronic resource] |
| 260 |
_aLondon _bFenwick Elliott LLP _c2012 |
||
| 520 | _aRemoves some of the mystery surrounding BIM and considers the possible legal implications of its widespread use. | ||
| 590 | _aKA NTK | ||
| 650 | 2 | 4 | _aBUILDING INFORMATION MODELLING |
| 650 | 2 | 4 |
_aBIM _96219 |
| 651 | 4 |
_aUnited Kingdom _y |
|
| 690 |
_aBIM _96219 |
||
| 856 | 4 | 0 |
_uhttps://www.mondaq.com/x/163622/Contracts+Deeds/Demystifying+BIM+Building+Information+Modelling&email_access=on _zView the article free of charge at www.mondaq.com and find out about subscribing to free Mondaq News Alerts |
| 942 | _n0 | ||
| 999 |
_c113349 _d113349 |
||